[Event "AUTO-OPEN-2444"]
[Site "http://www.queenalice.com/game.php?id=972507"]
[Date "2011.8.14"]
[Round "1"]
[White "RandyShane"]
[Black "Thamrinov"]
[Result "1-0"]
[WhiteElo "2018"]
[BlackElo "1533"]

1. e4 e5 2. Nf3 Nc6 3. Bb5 a6 4. Bxc6 dxc6 5. O-O Bd6 6. d4 Bg4 7. Be3 f6 8.
dxe5 fxe5 9. Nbd2 Nf6 10. Qe1 Qe7 11. h3 Bxf3 12. Nxf3 Nxe4 13. Rd1 O-O-O 14.
Nd2 Nxd2 15. Rxd2 Rhf8 16. Qe2 h6 17. Rfd1 Rf5 18. c4 Qf8 19. Qg4 Kb8 20. c5 Qf6
21. cxd6 cxd6 22. Rxd6 Rxd6 23. Rxd6 Qxd6 24. Qxf5 Qe7 25. Bd2 Kc7 26. Bc3 Kd6
27. Qg6+ Kd7 28. Qf5+ Kd6 29. f4 exf4 30. Bb4+ 1-0

[Event "Challenge"]
[Site "http://www.queenalice.com/game.php?id=972553"]
[Date "2011.8.14"]
[Round "-"]
[White "Thamrinov"]
[Black "celtiberio"]
[Result "0-1"]
[WhiteElo "1541"]
[BlackElo "1902"]

1. e4 c5 2. c3 e6 3. d4 d5 4. exd5 exd5 5. Be3 cxd4 6. Bxd4 Nc6 7. Nf3 Nxd4 8.
Qxd4 Ne7 9. Ne5 Nf5 10. Qa4+ Ke7 11. Bd3 Qb6 12. Qc2 Nh4 13. O-O f6 14. Nf3
Nxf3+ 15. gxf3 Kf7 16. c4 Qd4 17. cxd5 Bd6 18. Nc3 Qf4 19. Rfe1 Bh3 0-1

[Event "Challenge"]
[Site "http://www.queenalice.com/game.php?id=972722"]
[Date "2011.8.15"]
[Round "-"]
[White "Djalma1963Capela"]
[Black "Thamrinov"]
[Result "0-1"]
[WhiteElo "1106"]
[BlackElo "1500"]

1. e4 e5 2. Qh5 Nc6 3. Bc4 g6 4. Qf3 Nf6 5. Qb3 Qe7 6. Nf3 Na5 7. Qa4 Nxc4 8.
Qxc4 d6 9. d4 exd4 10. Qxd4 Qxe4+ 11. Be3 Bg7 12. Qxe4+ Nxe4 13. O-O Bxb2 14.
Nbd2 Nxd2 15. Nxd2 Bxa1 16. Rxa1 Bf5 17. Rb1 b6 18. Bd4 O-O 19. Re1 Rfe8 20. Rf1
Re2 21. f4 Rxd2 22. h4 Rxd4 23. g3 Re8 24. Rc1 Re2 25. Kf1 Rdd2 26. Re1 Rf2+ 27.
Kg1 Rg2+ 28. Kf1 Rdf2# 0-1

[Event "Let's Play Chess!"]
[Site "http://www.queenalice.com/game.php?id=1125801"]
[Date "2012.11.25"]
[Round "-"]
[White "Himotross"]
[Black "Thamrinov"]
[Result "0-1"]
[WhiteElo "1740"]
[BlackElo "1789"]

1. d4 Nf6 2. c4 g6 3. Nc3 Bg7 4. e4 d6 5. Nf3 O-O 6. Be2 e5 7. dxe5 dxe5 8. O-O
Nbd7 9. Qc2 c6 10. Bg5 h6 11. Bh4 g5 12. Bg3 Qe7 13. Rad1 Re8 14. Rd2 Nh7 15.
Rfd1 Ndf8 16. a3 Ng6 17. b4 Nf4 18. Bxf4 exf4 19. Nd4 Nf8 20. Nf5 Bxf5 21. exf5
Rad8 22. Rxd8 Rxd8 23. Rxd8 Qxd8 24. Ne4 Qd4 25. Qd3 Nd7 26. Qxd4 Bxd4 27. Nd6
Bb2 28. a4 Ba3 29. Nxb7 Bxb4 30. g3 Kf8 31. Kg2 Ke7 0-1

[Event "Challenge"]
[Site "http://www.queenalice.com/game.php?id=1128424"]
[Date "2012.12.4"]
[Round "-"]
[White "princesher"]
[Black "Thamrinov"]
[Result "0-1"]
[WhiteElo "1643"]
[BlackElo "1635"]

1. e4 e5 2. Nf3 Nc6 3. Nc3 Nf6 4. h3 Bb4 5. a3 Bxc3 6. dxc3 Nxe4 7. Bd3 Nc5 8.
Qe2 Nxd3+ 9. cxd3 O-O 10. O-O d6 11. Bg5 f6 12. Bh4 Qe8 13. b4 a6 14. g4 h6 15.
Rfe1 Qf7 16. Nd2 Bd7 17. c4 Nd4 18. Qd1 Bc6 19. Ne4 f5 20. gxf5 Qxf5 21. Kg2 Nf3
22. Re3 Nxh4+ 23. Kh1 Qxf2 24. Qg1 Rf3 25. Nxf2 Rxh3# 0-1

[Event "AUTO-INT-2504"]
[Site "http://www.queenalice.com/game.php?id=1129087"]
[Date "2012.12.7"]
[Round "1"]
[White "Thamrinov"]
[Black "tango2011"]
[Result "1-0"]
[WhiteElo "1865"]
[BlackElo "1679"]

1. e4 c5 2. c3 d6 3. Nf3 Bg4 4. Be2 Nf6 5. d3 e6 6. h3 Bxf3 7. Bxf3 d5 8. Bg5
Be7 9. Nd2 O-O 10. O-O h6 11. Be3 d4 12. cxd4 cxd4 13. Bf4 Nc6 14. e5 Nd5 15.
Bg3 Qb6 16. Rb1 Ndb4 17. Nc4 Qc5 18. a3 Na6 19. Rc1 Qb5 20. Qe2 Nc5 21. b4 Nd7
22. Rc2 Rac8 23. Rfc1 Nb6 24. Be4 Nxc4 25. Rxc4 Qa4 26. Qb2 Qb5 27. Bxc6 bxc6
28. Rxd4 c5 29. Rdc4 Rc6 30. d4 Rd8 31. dxc5 Rd5 32. Qc2 f6 33. a4 Qb8 34. f4
fxe5 35. fxe5 Bg5 36. Rf1 Rd2 37. Qc3 Rd5 38. b5 Bd2 39. Qc2 Be3+ 40. Bf2 Rd2
41. Qc3 Bxf2+ 42. Rxf2 Rxf2 43. Kxf2 Qf8+ 44. Qf3 Qxf3+ 45. Kxf3 Rc8 46. a5 Kf7
47. c6 g5 48. b6 axb6 49. axb6 Ke7 50. b7 Rf8+ 51. Kg3 1-0

[Event "AUTO-INT-2504"]
[Site "http://www.queenalice.com/game.php?id=1129088"]
[Date "2012.12.7"]
[Round "1"]
[White "tango2011"]
[Black "Thamrinov"]
[Result "0-1"]
[WhiteElo "1679"]
[BlackElo "1833"]

1. d4 Nf6 2. e3 g6 3. Nf3 Bg7 4. Bc4 d5 5. Bd3 O-O 6. O-O Nbd7 7. Nc3 c6 8. b3
Re8 9. Bb2 e5 10. dxe5 Nxe5 11. Nd4 a6 12. Re1 c5 13. Nf3 Bg4 14. Be2 Nxf3+ 15.
Bxf3 Bxf3 16. Qxf3 Ne4 17. Na4 b5 18. Bxg7 Kxg7 19. Nb2 Qa5 20. a4 Qc3 21. axb5
Qxb2 22. bxa6 Ra7 23. Qe2 Qf6 24. f3 Nc3 25. Qd2 d4 26. e4 Rxa6 27. Qd3 Rea8 28.
Rxa6 Rxa6 29. e5 Qh4 30. g3 Qh5 31. Qxa6 Qxf3 32. Qf1 Qc6 33. Ra1 Nd5 34. Ra7
Qe6 35. Ra6 Qxe5 36. Ra5 Ne3 37. Qe2 Qc7 38. Ra4 Nd5 39. Qf3 Ne3 40. Qe4 Qd7 41.
Qe5+ Kh6 42. Qxc5 Qb7 43. Kf2 Qg2+ 44. Ke1 Qf1+ 45. Kd2 Qd1# 0-1

[Event "AUTO-INT-2504"]
[Site "http://www.queenalice.com/game.php?id=1129091"]
[Date "2012.12.7"]
[Round "1"]
[White "Thamrinov"]
[Black "Shizumaru_Hisame"]
[Result "1-0"]
[WhiteElo "1809"]
[BlackElo "1867"]

1. e4 b6 2. d4 Bb7 3. Bd3 g6 4. Be3 d5 5. Nd2 dxe4 6. Bxe4 Bxe4 7. Nxe4 Nc6 8.
Nf3 Bg7 9. c3 Nf6 10. Qc2 O-O 11. O-O h6 12. Rad1 g5 13. h3 g4 14. hxg4 Nxg4 15.
Bf4 f5 16. Ng3 e6 17. Rfe1 Qe7 18. Nh5 Na5 19. Nxg7 Kxg7 20. Ne5 h5 21. f3 Nh6
22. Qd2 Nf7 23. Nxf7 Rxf7 24. Be5+ Kg8 25. Qh6 Rh7 26. Qg6+ Kf8 27. Kf2 h4 28.
Rh1 Qf7 29. Qg5 Qh5 30. Qf6+ Ke8 31. Qxe6+ Kd8 32. Bf6+ Re7 33. Qxe7+ Kc8 34.
Qd8+ Kb7 35. Qd5+ Nc6 36. Rxh4 Qg6 37. Be5 Rd8 38. Qb5 Qe6 39. Re1 Qxa2 40. Rh7
Rc8 41. Bf4 a6 42. Qd3 Qxb2+ 43. Re2 Nb4 44. Qxf5 Qxc3 45. Ree7 Qxd4+ 46. Kg3
Rg8+ 47. Kh2 Nd5 48. Qf7 Qxf4+ 49. Qxf4 Nxf4 50. Rxc7+ Kb8 51. Rb7+ Ka8 52. Ra7+
Kb8 53. Rhb7+ Kc8 54. g4 Nd5 55. Rf7 Kb8 56. Rxa6 b5 57. Rd6 Nc7 58. Rb6+ Kc8
59. Rc6 b4 60. Rcxc7+ Kb8 61. Rb7+ Ka8 62. Rxb4 Rc8 63. Ra4+ Kb8 64. Raa7 Re8
65. Rfb7+ Kc8 66. Ra8+ Kxb7 67. Rxe8 1-0

[Event "AUTO-INT-2504"]
[Site "http://www.queenalice.com/game.php?id=1129092"]
[Date "2012.12.7"]
[Round "1"]
[White "Shizumaru_Hisame"]
[Black "Thamrinov"]
[Result "0-1"]
[WhiteElo "1821"]
[BlackElo "1669"]

1. b3 e5 2. Bb2 Nc6 3. d4 exd4 4. Bxd4 Nxd4 5. Qxd4 Nf6 6. e3 d6 7. Bc4 g6 8.
Qd1 Bg7 9. Qf3 d5 10. Bd3 Qe7 11. Nd2 Bg4 12. Qf4 O-O 13. Ngf3 Qd7 14. Qb4 Rab8
15. Rd1 Rfd8 16. O-O c6 17. h3 Be6 18. Nd4 Qc7 19. Qa3 b6 20. f4 Bd7 21. f5 c5
22. Ne2 Bc6 23. fxg6 hxg6 24. Kf2 Ne4+ 25. Ke1 Nc3 26. Nxc3 Qg3+ 27. Rf2 Bxc3
28. Qxa7 Qxe3+ 29. Kf1 Rb7 30. Qa3 Bd4 31. Rf3 Qg1+ 32. Ke2 Re7+ 33. Be4 Qxg2+
34. Kd3 dxe4+ 35. Nxe4 Qxf3+ 36. Kc4 b5# 0-1

[Event "Let's Play Chess!"]
[Site "http://www.queenalice.com/game.php?id=1131665"]
[Date "2012.12.16"]
[Round "-"]
[White "Thamrinov"]
[Black "Eggchaser"]
[Result "1-0"]
[WhiteElo "1711"]
[BlackElo "1819"]

1. d4 Nf6 2. c4 g6 3. Nc3 d5 4. Nf3 Bg7 5. e3 O-O 6. Bd2 c5 7. dxc5 Na6 8. cxd5
Nxc5 9. Bc4 a6 10. a3 b5 11. Be2 Bb7 12. O-O Nxd5 13. Rc1 Nf6 14. h3 Rc8 15. Nd4
Nce4 16. Nxe4 Bxe4 17. Bf3 Bxf3 18. Nxf3 Ne4 19. Rxc8 Qxc8 20. Nd4 Rd8 21. Qe2
Nxd2 22. Qxd2 e5 23. Nc6 Qd7 24. Qxd7 Rxd7 25. e4 Rc7 26. Nb4 a5 27. Nd5 Rc2 28.
Rb1 Bf8 29. Ne3 Rc6 30. Kf1 b4 31. axb4 axb4 32. b3 f6 33. Ke2 Kf7 34. Rb2 Rc8
35. Kd3 Rc3+ 36. Ke2 Be7 37. Nd5 Rc6 38. Kd3 Bd6 39. Rc2 Rxc2 40. Kxc2 Ke6 41.
Kd3 1-0

[Event "Let's Play Chess!"]
[Site "http://www.queenalice.com/game.php?id=1132381"]
[Date "2012.12.18"]
[Round "-"]
[White "MrDJRVD"]
[Black "Thamrinov"]
[Result "0-1"]
[WhiteElo "1880"]
[BlackElo "1759"]

1. d4 Nf6 2. Nf3 d5 3. c4 e6 4. cxd5 exd5 5. g3 Bd6 6. Bg2 c6 7. O-O O-O 8. Bg5
Nbd7 9. e3 Qb6 10. Bxf6 Nxf6 11. b3 Bf5 12. Nc3 Ne4 13. Nxe4 Bxe4 14. Nd2 Bxg2
15. Kxg2 Rae8 16. Qc2 Re6 17. Nf3 Rfe8 18. Ng5 Rh6 19. Qf5 Qc7 0-1

[Event "Challenge"]
[Site "http://www.queenalice.com/game.php?id=1132995"]
[Date "2012.12.20"]
[Round "-"]
[White "Thamrinov"]
[Black "Ew"]
[Result "1-0"]
[WhiteElo "1748"]
[BlackElo "1687"]

1. e4 e5 2. Nf3 Nc6 3. Bc4 Nf6 4. d3 d5 5. exd5 Nxd5 6. O-O Bd6 7. Bxd5 Nd4 8.
Nxd4 exd4 9. Re1+ Be7 10. Qf3 f6 11. Bxb7 Bxb7 12. Qxb7 O-O 13. b3 c5 14. Rxe7
Qxe7 15. Qxe7 Rfe8 16. Qxe8+ Rxe8 17. Kf1 g5 18. Ba3 Rc8 19. Nd2 f5 20. Re1 h6
21. Re7 a5 22. Nc4 Kf8 23. Rh7 Rc6 24. Ne5 Re6 25. Rf7+ Ke8 26. Rxf5 Ke7 27.
Bxc5+ Kd8 28. Nf7+ Kd7 29. Bxd4 Rc6 30. Ne5+ Ke6 31. Nxc6 Kxf5 32. Nxa5 Ke6 33.
c4 Kd6 34. b4 Kc7 35. b5 Kd6 36. b6 Kd7 37. b7 Kc7 38. Be5+ Kb6 39. b8=Q+ Kxa5
40. a4 Kxa4 41. Bc3 Ka3 42. Qb4+ Ka2 43. Qb2# 1-0

[Event "Challenge"]
[Site "http://www.queenalice.com/game.php?id=1132996"]
[Date "2012.12.20"]
[Round "-"]
[White "ivdsantacruz"]
[Black "Thamrinov"]
[Result "1-0"]
[WhiteElo "1854"]
[BlackElo "1896"]

1. e4 e5 2. Nf3 Nc6 3. Nc3 Nf6 4. Bc4 Bc5 5. h3 Qe7 6. d3 d6 7. a3 Be6 8. b3
Bxc4 9. bxc4 O-O 10. Bg5 h6 11. Bh4 g5 12. Bg3 Nd4 13. Qc1 Ne6 14. Bh2 Nf4 15.
Bxf4 exf4 16. g3 fxg3 17. fxg3 Nh5 18. g4 Nf4 19. Qd2 Be3 20. Qh2 Qf6 21. h4 Ne6
22. Ke2 Bf4 23. hxg5 Nxg5 24. Nd5 Bxh2 25. Nxf6+ Kg7 26. Nh5+ 1-0

[Event "Challenge"]
[Site "http://www.queenalice.com/game.php?id=1132997"]
[Date "2012.12.20"]
[Round "-"]
[White "Thamrinov"]
[Black "tewald"]
[Result "1-0"]
[WhiteElo "1846"]
[BlackElo "1855"]

1. d4 d5 2. c4 e6 3. Nf3 c5 4. cxd5 exd5 5. Nc3 Nc6 6. g3 Nf6 7. Bg2 c4 8. O-O
Be7 9. Ne5 O-O 10. Bg5 h6 11. Bf4 Be6 12. Qa4 Nxd4 13. Rfd1 Nf5 14. e4 Nd6 15.
exd5 Bd7 16. Nxd7 Nxd7 17. Bxd6 Bxd6 18. Qxc4 Rc8 19. Qa4 a6 20. Rd2 Nc5 21. Qd4
Re8 22. Rad1 b5 23. a3 Nb3 24. Qg4 Nxd2 25. Rxd2 Qe7 26. Re2 Qd8 27. Ne4 Bc7 28.
Rd2 Re5 29. Nc5 Rg5 30. Qd4 a5 31. Ne4 Bb6 32. Qd3 Re5 33. d6 Qd7 34. h4 Rd8 35.
Kh2 f5 36. Nc3 Kh8 37. Bf1 Re6 38. Qxf5 Rf6 39. Qxd7 Rxd7 40. Ne4 Rg6 41. Bxb5
Rd8 42. d7 1-0

[Event "Let's Play Chess!"]
[Site "http://www.queenalice.com/game.php?id=1133059"]
[Date "2012.12.20"]
[Round "-"]
[White "schalturtjik"]
[Black "Thamrinov"]
[Result "1-0"]
[WhiteElo "1995"]
[BlackElo "1769"]

1. c4 Nf6 2. Nc3 e6 3. Nf3 d5 4. d4 c6 5. e3 Nbd7 6. Bd3 Bd6 7. Qc2 dxc4 8. Bxc4
b5 9. Bd3 O-O 10. O-O Bb7 11. a3 e5 12. Ne4 Bc7 13. dxe5 Nxe5 14. Nxf6+ Qxf6 15.
Bxh7+ Kh8 16. Nxe5 Bxe5 17. f4 Bc7 18. Bd2 Rac8 19. Rf3 g6 20. Bc3 1-0

[Event "Let's Play Chess!"]
[Site "http://www.queenalice.com/game.php?id=1133067"]
[Date "2012.12.20"]
[Round "-"]
[White "Thamrinov"]
[Black "serrameira"]
[Result "1-0"]
[WhiteElo "1875"]
[BlackElo "1964"]

1. e4 e5 2. Nf3 Nc6 3. Bc4 Nf6 4. d3 Bc5 5. c3 a6 6. O-O h6 7. b4 Ba7 8. Bb2 O-O
9. Re1 d6 10. h3 b5 11. Bb3 Ne7 12. Nbd2 Ng6 13. Nf1 Re8 14. Ng3 c6 15. d4 exd4
16. cxd4 Re7 17. Rc1 Bb7 18. Rc2 Qd7 19. Rd2 Rd8 20. Bc2 Qe8 21. Nf5 Red7 22. a3
Bb6 23. Qb1 a5 24. Bc3 Ra8 25. Qb2 Qd8 26. Rdd1 Qf8 27. d5 Qd8 28. Nxh6+ Kh7 29.
Nf5 cxd5 30. Ng5+ Kg8 31. Nh6+ Kf8 32. exd5 axb4 33. axb4 Rc8 34. Bxf6 gxf6 35.
Bxg6 fxg5 36. Qh8# 1-0

[Event "Challenge"]
[Site "http://www.queenalice.com/game.php?id=1133231"]
[Date "2012.12.21"]
[Round "-"]
[White "stoyan1"]
[Black "Thamrinov"]
[Result "0-1"]
[WhiteElo "1750"]
[BlackElo "1878"]

1. e4 e5 2. Nf3 Nc6 3. c3 Nf6 4. Bd3 Bc5 5. b4 Bd6 6. O-O O-O 7. Bc2 b6 8. a3
Bb7 9. d4 Re8 10. d5 Ne7 11. h3 Ng6 12. g3 c6 13. c4 Rc8 14. Bg5 h6 15. Bxf6
Qxf6 16. Nh2 Bb8 17. Qf3 Qg5 18. Qe3 Qh5 19. Kg2 cxd5 20. exd5 f5 21. f3 Rxc4
22. Bd3 Rd4 23. Nc3 Bxd5 24. Nxd5 Rxd5 25. Bc4 Ne7 26. Bxd5+ Nxd5 27. Qb3 Qf7
28. Rfd1 Nf6 29. Qxf7+ Kxf7 30. Rd2 d5 31. Rad1 d4 32. Nf1 g5 33. Rd3 Nd5 34.
Kf2 f4 35. Nd2 fxg3+ 36. Kxg3 e4+ 37. Kf2 exd3 38. Nb3 Re2+ 39. Kg1 Bh2+ 40. Kh1
Ne3 41. Rxd3 Nf5 42. f4 Ng3+ 0-1

[Event "AUTO-INT-2504"]
[Site "http://www.queenalice.com/game.php?id=1175322"]
[Date "2013.4.26"]
[Round "2"]
[White "Thamrinov"]
[Black "adrian_iuga"]
[Result "0-1"]
[WhiteElo "1854"]
[BlackElo "1997"]

1. e4 c5 2. Nf3 d6 3. d4 cxd4 4. Nxd4 Nc6 5. Bc4 Nf6 6. Nc3 e6 7. Be3 a6 8. a4
d5 9. exd5 exd5 10. Be2 Be7 11. Bf3 Be6 12. O-O O-O 13. a5 Nxa5 14. b3 Rc8 15.
Bd2 Nc6 16. Nce2 Ne5 17. Nf4 Nxf3+ 18. Qxf3 Bc5 19. Ndxe6 fxe6 20. Nxe6 Ne4 21.
Qxe4 dxe4 22. Nxd8 Rcxd8 23. Bc3 Rc8 24. Be5 e3 25. Bg3 exf2+ 0-1

[Event "AUTO-INT-2504"]
[Site "http://www.queenalice.com/game.php?id=1175323"]
[Date "2013.4.26"]
[Round "2"]
[White "adrian_iuga"]
[Black "Thamrinov"]
[Result "1-0"]
[WhiteElo "1986"]
[BlackElo "1865"]

1. e4 e5 2. Nf3 Nc6 3. d4 d6 4. Bb5 Bd7 5. Be3 Nf6 6. Nc3 a6 7. Bxc6 Bxc6 8. d5
Bd7 9. Ne2 Nxe4 10. c4 c5 11. Nd2 Nf6 12. Nc3 Be7 13. O-O O-O 14. Rb1 b5 15. b4
Rb8 16. a3 Ng4 17. bxc5 Nxe3 18. fxe3 dxc5 19. e4 Qa5 20. Qf3 Qxa3 21. Ra1 Qb2
22. Ra2 Qb4 23. d6 Bg5 24. Nd5 Qxd2 25. Rxd2 Bxd2 26. Qd3 Bh6 27. Ra1 1-0